Don Quijote de la Mancha III
Uloženo v:
| Hlavní autor: | |
|---|---|
| Médium: | Kniha |
| Jazyk: | Undetermined |
| Vydáno: |
Madrid, España
Espasa Calpe
1972
|
| Témata: | |
| Tagy: |
Přidat tag
Žádné tagy, Buďte první, kdo vytvoří štítek k tomuto záznamu!
|
MARC
| LEADER | 00000nam a2200000Ia 4500 | ||
|---|---|---|---|
| 008 | 170316s9999 xx 000 0 und d | ||
| 040 | |a cru BVZT | ||
| 090 | |a 862 F-3d v.3 | ||
| 100 | |a Fernández de Avellaneda, Alonso | ||
| 245 | |a Don Quijote de la Mancha III | ||
| 260 | |a Madrid, España | ||
| 260 | |b Espasa Calpe | ||
| 260 | |c 1972 | ||
| 300 | |a 278 páginas Vol. 3 | ||
| 650 | |a LITERATURA ESPAÑOLA | ||
| 650 | |a SEGUNDA PARTE DEL QUIJOTE DE LA MANCHA ESCRITA POR AVELLANEDA | ||
| 942 | |c 15 D | ||
| 999 | |c 9852 |d 9852 | ||
